Normal view
MARC view
- Gordon, Jan Cora
Entry Personal Name
001 - CONTROL NUMBER
- control field: 111701
003 - CONTROL NUMBER IDENTIFIER
- control field: NUST
005 - DATE AND TIME OF LATEST TRANSACTION
- control field: 20230404111044.0
008 - FIXED-LENGTH DATA ELEMENTS
- fixed length control field: 230404|| aca||aabn | a|a d
040 ## - CATALOGING SOURCE
- Original cataloging agency: NUST
- Transcribing agency: NUST
100 ## - HEADING--PERSONAL NAME
- Personal name: Gordon, Jan Cora
670 ## - SOURCE DATA FOUND
- Source citation: Work cat.: (NUST)186381: Gordon, Jan Cora, The London Roundabout /
